000 00701nam a22001937a 4500
999 _c164819
_d164819
005 20190528165048.0
010 _aENG-125334
020 _a9789380336169
_c500.00
035 _aEN-108866
037 _bDBAD/PUB
082 _a306.810954
100 _aGuha-Basu, Suchandra
245 _aAnatomy of a social institution:
_cby Suchandra Guha-Basu
_bmarriage in India in hinduism and islam (18th-19th century)/
260 _aKolkata
_bFrame Eternity
_c2010
270 _a4/17 Chandutaka Lane, Malancha,
_bKolkata
_e700040
_mmahabodhibooksagency@hotmail.com
300 v _a288p.
_c23cm(Hb)
500 _ainclude bibliographical references and index
942 _2ddc
_cEN
_mGUH
_h306.810954